000 00286nam a22001217a 4500
005 20230724102909.0
008 230724b ||||| |||| 00| 0 eng d
040 _cAL
041 _aeng
245 _aStudy on importance of effective communication
260 _c2003
942 _2ddc
_cBK
999 _c228102
_d228102